Summer Olympic Host Cities - Statistics

General Stats
  • This quiz has been taken 72 times
  • The average score is 21 of 29
Answer Stats
Hint Answer % Correct
1896 Athens
95%
1996 Atlanta
92%
2008 Beijing
92%
2012 London
92%
2016 Rio de Janiero
92%
2004 Athens
90%
2000 Sydney
90%
1984 Los Angeles
88%
1992 Barcelona
85%
2020 Tokyo
85%
1980 Moscow
83%
1936 Berlin
82%
1900 Paris
80%
1988 Seoul
80%
1972 Munich
75%
1908 London
72%
1976 Montreal
72%
1968 Mexico City
68%
1960 Rome
68%
1952 Helsinki
58%
1948 London
58%
1956 Melbourne
58%
1964 Tokyo
58%
1912 Stockholm
53%
1932 Los Angeles
52%
1924 Paris
52%
1904 St Louis
52%
1920 Antwerp
45%
1928 Amsterdam
42%
No matching quizzes found
Score Distribution
Percent of People with Each Score
Percentile by Number Answered
Your Score History
You have not taken this quiz